[Event "Novi Sad TS 222nd"]
[Site "Novi Sad"]
[Date "2021.11.16"]
[Round "1.1"]
[White "Knezevic, Milorad J"]
[Black "Aravind, PVS"]
[Result "1/2-1/2"]
[WhiteElo "2146"]
[BlackElo "1716"]
[PlyCount "22"]
[EventDate "2021.11.16"]
[EventType "schev"]
[EventRounds "10"]
[EventCountry "SRB"]
[SourceTitle "EXT 2023"]
[Source "ChessBase"]
[SourceDate "2022.10.05"]
[SourceVersion "1"]
[SourceVersionDate "2022.10.05"]
[SourceQuality "1"]
[WhiteTeam "Team A"]
[BlackTeam "Team B"]
[WhiteTeamCountry "SRB"]
[BlackTeamCountry "SRB"]

1. d4 Nf6 2. c4 e6 3. Nf3 d5 4. Nc3 Nbd7 5. Bg5 h6 6. Bf4 dxc4 7. e3 a6 8. Bxc4 Bb4 9. 0-0 0-0 10. Rc1 b5 11. Bd3 Bb7 1/2-1/2

[Event "MNT-chT"]
[Site "Cetinje"]
[Date "2009.09.20"]
[Round "3"]
[White "Knezevic, Milorad J"]
[Black "Jeknic, Velimir"]
[Result "1-0"]
[WhiteElo "2212"]
[BlackElo "1856"]
[PlyCount "139"]
[EventDate "2009.09.18"]
[EventType "team-tourn"]
[EventRounds "9"]
[EventCountry "MNE"]
[SourceTitle "EXT 2011"]
[Source "ChessBase"]
[SourceDate "2010.11.26"]
[SourceVersion "1"]
[SourceVersionDate "2010.11.26"]
[SourceQuality "1"]

1. e4 e6 2. Nf3 c5 3. Nc3 Nc6 4. d4 cxd4 5. Nxd4 a6 6. Nxc6 bxc6 7. Bd3 Nf6 8. 0-0 e5 9. Qe2 Bb4 10. Bd2 Bc5 11. Nd1 d6 12. h3 0-0 13. Kh2 d5 14. Bg5 Be7 15. Bxf6 Bxf6 16. f3 a5 17. Ne3 h5 18. g4 Bg5 19. Ng2 Qd6 20. h4 Be7 21. g5 f5 22. Kh1 f4 23. Ne1 a4 24. c3 a3 25. b3 Qc5 26. Rc1 Bd6 27. Qg2 Be6 28. Bb1 Qa7 29. Rf2 Bc5 30. Re2 Be3 31. Rd1 d4 32. c4 Qd7 33. Kh2 g6 34. Nd3 Qe7 35. Nxe5 Bh3 36. Nxg6 Bxg2 37. Nxe7+ Kf7 38. Nxc6 Rac8 39. Nxd4 Rfd8 40. Kxg2 Rxd4 41. Rxd4 Bxd4 42. Rd2 Rd8 43. Rd3 Ke6 44. Kf1 Ke5 45. Bc2 Re8 46. Bd1 Re7 47. Rd2 Rd7 48. Ke2 Re7 49. Kd3 Be3 50. Rg2 Rd7+ 51. Kc2 Kd4 52. Be2 Kc5 53. g6 Rg7 54. Kc3 Rd7 55. b4+ Kc6 56. Kb3 Bd4 57. Rg5 Rg7 58. Kxa3 Bf2 59. Rxh5 Rxg6 60. Bd1 Rg1 61. Rd5 Bxh4 62. Kb3 Re1 63. Rd3 Bf2 64. a4 Be3 65. c5 Rg1 66. Kc4 Rg2 67. a5 Ra2 68. Bb3 Ra1 69. Rd6+ Kc7 70. e5 1-0

[Event "Belgrade-chT Quality"]
[Site "Belgrade"]
[Date "2008.11.06"]
[Round "6"]
[White "Knezevic, Milorad J"]
[Black "Radulovic, Dusko"]
[Result "1-0"]
[WhiteElo "2183"]
[BlackElo "2295"]
[PlyCount "47"]
[EventDate "2008.11.01"]
[EventType "team-swiss"]
[EventRounds "11"]
[EventCountry "YUG"]
[SourceTitle "CBM 127 Extra"]
[Source "ChessBase"]
[SourceDate "2009.01.08"]
[SourceVersion "2"]
[SourceVersionDate "2009.01.28"]
[SourceQuality "1"]

1. e4 c5 2. Nc3 e6 3. g3 d5 4. Bg2 dxe4 5. Nxe4 Nc6 6. d3 Nge7 7. Ne2 b6 8. 0-0 Bb7 9. Re1 Nf5 10. N2c3 Be7 11. Bf4 0-0 12. h4 Qd7 13. Rc1 Rad8 14. h5 Kh8 15. h6 Nxh6 16. Bxh6 gxh6 17. Qh5 f5 18. Nd2 Rg8 19. Nf3 Rg6 20. Ne2 Bd6 21. Rcd1 Nb4 22. c3 Nd5 23. Nh4 Rf6 24. d4 1-0

[Event "Vojvodina Cup"]
[Site "Banja Junakovic"]
[Date "2007.04.29"]
[Round "3.7"]
[White "Knezevic, Milorad J"]
[Black "Zdravkovic, Toma"]
[Result "1-0"]
[WhiteElo "2169"]
[BlackElo "2179"]
[PlyCount "191"]
[EventDate "2007.04.28"]
[EventType "team"]
[EventRounds "5"]
[EventCountry "YUG"]
[SourceTitle "EXT 2008"]
[Source "ChessBase"]
[SourceDate "2007.11.25"]
[SourceVersion "1"]
[SourceVersionDate "2007.11.25"]
[SourceQuality "1"]

1. b3 Nf6 2. Bb2 g6 3. Nf3 Bg7 4. c4 0-0 5. e3 c5 6. Be2 Nc6 7. 0-0 b6 8. d4 cxd4 9. Nxd4 Nxd4 10. Bxd4 Bb7 11. Bf3 Qc8 12. Nc3 Bxf3 13. Qxf3 Qc6 14. Qxc6 dxc6 15. Rad1 Rfd8 16. Bxf6 Bxf6 17. Rxd8+ Rxd8 18. Rd1 Rxd1+ 19. Nxd1 Be5 20. h3 f5 21. Kf1 Kf7 22. Ke2 Ke6 23. Kd3 Kd6 24. a4 Kc5 25. Kc2 g5 26. Kd3 h5 27. f3 Bf6 28. Nf2 h4 29. Kc2 a5 30. Nd3+ Kd6 31. Kd1 Ke6 32. e4 Bd4 33. Ke2 Kf6 34. Kf1 e6 35. Ke1 Ke7 36. Kd1 Kf7 37. Ke2 Kf6 38. Kf1 Ke7 39. Ke2 Kd6 40. Kd2 Kc7 41. Kc2 b5 42. axb5 cxb5 43. cxb5 Kb6 44. Kd1 Kxb5 45. Kc1 Kc6 46. Kd1 Kd6 47. Ke2 Kd7 48. Kd1 Ke8 49. Ke2 Kf8 50. Kd1 Kg7 51. Ke2 Kg6 52. Kd1 g4 53. Ke2 Kg5 54. Kf1 gxf3 55. gxf3 fxe4 56. fxe4 Kf6 57. Ke2 Kg5 58. Kd2 Bf6 59. Kc2 Bg7 60. Kb1 Bf8 61. Kb2 Bb4 62. Kc2 Kf6 63. Kd1 Kg5 64. Ke2 Bd6 65. Kf3 Ba3 66. Ke3 Bd6 67. Kd4 Kg6 68. Kc4 Kg5 69. Kb5 Bc7 70. Kc6 Bg3 71. Kb6 Kf6 72. Kxa5 Ke7 73. Kb4 Kd6 74. Kc3 Kc6 75. Kd2 Kb5 76. Ke2 Kc6 77. Kf3 Kd6 78. Kg4 Ke7 79. b4 Kf6 80. b5 Ke7 81. e5 Kd7 82. Kg5 Kc7 83. Kf6 Kb6 84. Kxe6 Kxb5 85. Kd7 Bxe5 86. Nxe5 Kc5 87. Ke6 Kd4 88. Kf5 Kd5 89. Nf3 Kd6 90. Kf6 Kd7 91. Nxh4 Ke8 92. Kg7 Ke7 93. Nf5+ Ke6 94. h4 Kxf5 95. h5 Kg5 96. h6 1-0